| 000 | 01253nam a2200229Ia 4500 | ||
|---|---|---|---|
| 001 | L232-6384 | ||
| 003 | IT-CnALBA | ||
| 008 | 170116s9999||||xx |||||||||||||| ||und|| | ||
| 040 |
_aIT-CnALBA _cIT-CnALBA |
||
| 041 | _aITALIANO | ||
| 100 | _aRAVANELLI L. | ||
| 245 | 0 | _aIL SALVATORE PROMESSO. VITA DI GESÙ NARRATA AI FANCIULLI D'ITALIA. | |
| 250 | _a1a ed. | ||
| 260 |
_aTORINO _bLICE. ROBERTO BERRUTI & C. _c1924 [1° Ed.:1924 - Ed.Ling.Originale: 1924] |
||
| 300 | _a250 p. (prefazione: 3) | ||
| 500 | _aPATRIA DI GESÙ. I VANGELI. LA CHIESA. ANNUNZIAZIONI E NASCITA DI GIOVANNI BATTISTA E GESÙ. I MAGI. INFANZIA E ADOLOSCENZA DI GESÙ A NAZARETH. VITA PUBBLICA DI GESÙ. BATTESIMO. TENTAZIONI. INSEGNAMENTI. MIRACOLI. PARABOLE. LA MADDALENA. PRIMATO DI PIETRO. | ||
| 501 | _aSocietà San Paolo EM - Piazza San Paolo, 14 - 12051 ALBA (CN) (non commercial uses only) ® Copyright 2017 | ||
| 520 | _aPATRIA DI GESÙ. I VANGELI. LA CHIESA. ANNUNZIAZIONI E NASCITA DI GIOVANNI BATTISTA E GESÙ. I MAGI. INFANZIA E ADOLOSCENZA DI GESÙ A NAZARETH. VITA PUBBLICA DI GESÙ. BATTESIMO. TENTAZIONI. INSEGNAMENTI. MIRACOLI. PARABOLE. LA MADDALENA. PRIMATO DI PIETRO. | ||
| 650 | _aVITA E MISTERO DI CRISTO | ||
| 942 | _cBK | ||
| 957 | _71 | ||
| 999 |
_a7360 _bSI _g Copie: 1 _c265566 _d265566 |
||